Text - "Sommartider" - Gyllene Tider - Statistics

General Stats
  • This quiz has been taken 472 times
  • The average score is 154 of 228
Answer Stats
Ord % Correct
som
100%
Sommar
100%
Sommartider,
97%
sommartider
97%
(Sommartider)
97%
Sommartider
97%
sommartider!
97%
hej
96%
hej,
96%
kan
80%
du
76%
den
73%
din
73%
i
73%
och
73%
allt
70%
Ge
70%
ge
70%
Läppa
69%
mot
68%
Jag
67%
vill
66%
hunger,
63%
Läppar
63%
läppar
63%
läppar,
63%
är
62%
en
60%
hand
60%
60%
mej
56%
det
55%
min
53%
känner
52%
tid
52%
gång
50%
natt
48%
till
48%
varann
48%
nå'nting
44%
stad
43%
tar
43%
Kom
40%
Bli
38%
viskar:
38%
brand,
37%
hjärtan
37%
glöder,
36%
lång
36%
våt
35%
ger
34%
lek
34%
natten
33%
runt
33%
stanna
33%
Stanna
33%
sommarlek
32%
två
32%
land,
31%
het
30%
brinner,
27%
Snurra
27%
ditt
24%
inatt...
24%
ute
18%
Lev
17%
lev
17%
värld.
17%
annan
15%
lockar:
15%
som ger
4%
No matching quizzes found
Score Distribution
Percent of People with Each Score
Percentile by Number Answered
Your Score History
You have not taken this quiz